00333nam a2200133Ia 4500003000400000005001700004008004100021040001800062041000800080100004000088110001200128245003900140260002000179OSt20230529144347.0211028s2015 xx 000 0 und d cAIMIT LIBRARY aeng aShetty, Niriksha; Ruban, S.e131917 aRuban S aBus time management system (BTMS). aMangalorec2015